Green Energy : (Record no. 58098)

MARC details
000 -LEADER
fixed length control field 00984nam a22002297a 4500
005 - DATE AND TIME OF LATEST TRANSACTION
control field 20111104113325.0
010 ## - LCCN (DPL NO)
LC control number B-444615
020 ## - INTERNATIONAL STANDARD BOOK NUMBER
International Standard Book Number 9788179914939
Terms of availability 100.00
035 ## - SYSTEM CONTROL NUMBER
System control number B-444615
037 ## - SOURCE OF ACQUISITION
Source of stock number/acquisition Blue Berry/ Ven
Stock number DPL
082 ## - DEWEY DECIMAL CLASSIFICATION NUMBER
Classification number 333.794
100 ## - MAIN ENTRY--PERSONAL NAME
Personal name Osborne, stephen
245 ## - TITLE STATEMENT
Title Green Energy :
Statement of responsibility, etc by Stephen Osborne
Remainder of title Alternative energy to the rescue /
260 ## - PUBLICATION, DISTRIBUTION, ETC. (IMPRINT)
Name of publisher, distributor, etc Popular Prakashan
Date of publication, distribution, etc 2009
Place of publication, distribution, etc Mumbai
270 ## - ADDRESS
Address 301 Mahalaxmi Chambers 22, Bhulabhai Desai Road
City Mumbai
Postal code 400026
300 ## - PHYSICAL DESCRIPTION
Extent 48p.
Dimensions 25cm (pbk)
Other physical details ill.
490 ## - SERIES STATEMENT
Series statement Endangered Planet, Brainworks: A Kangaroo Kids initiative
-- 37465
700 ## - ADDED ENTRY--PERSONAL NAME
9 (RLIN) 35705
942 ## - ADDED ENTRY ELEMENTS (KOHA)
Item type Children Books
Source of classification or shelving scheme Dewey Decimal Classification
Call number suffix OSB
Classification part 333.794
Holdings
Withdrawn status Lost status Not for loan Collection code Home library Current library Date acquired Source of acquisition Cost, normal purchase price Full call number Barcode Copy number Cost, replacement price Koha item type
      Non-fiction Central Library Central Library 22/12/2011 Blue Berry/7042/29.9.11/83/21.03.11/12.10.11 100.00 333.794 OSB B-444615 1 100.00 Children Books

© Delhi Public Library
Hit Counter
free hit counter